Software engineering : principles and practice (Record no. 4181)

000 -LEADER
fixed length control field 00782 a2200193 4500
020 ## - INTERNATIONAL STANDARD BOOK NUMBER
International Standard Book Number 0471975087 (alk. paper)
040 ## - CATALOGING SOURCE
Original cataloging agency Library of Congress
Language of cataloging English
082 00 - DEWEY DECIMAL CLASSIFICATION NUMBER
Classification number 005.1
100 1# - MAIN ENTRY--PERSONAL NAME
Personal name Vliet, Hans van.
245 10 - TITLE STATEMENT
Title Software engineering : principles and practice
Remainder of title
Statement of responsibility, etc. Hans van Vliet.
250 ## - EDITION STATEMENT
Edition statement 2nd ed.
260 ## - PUBLICATION, DISTRIBUTION, ETC.
Place of publication, distribution, etc. Chichester [England] ;
-- New York :
Name of publisher, distributor, etc. John Wiley,
Date of publication, distribution, etc. 2000.
300 ## - PHYSICAL DESCRIPTION
Extent xxii, 726 p. :
Other physical details ill. ;
Dimensions 24 cm.
650 #0 - SUBJECT ADDED ENTRY--TOPICAL TERM
Topical term or geographic name entry element Software engineering.
856 42 - ELECTRONIC LOCATION AND ACCESS
Materials specified Contributor biographical information
Uniform Resource Identifier <a href="http://www.loc.gov/catdir/bios/wiley043/00028992.html">http://www.loc.gov/catdir/bios/wiley043/00028992.html</a>
856 42 - ELECTRONIC LOCATION AND ACCESS
Materials specified Publisher description
Uniform Resource Identifier <a href="http://www.loc.gov/catdir/description/wiley035/00028992.html">http://www.loc.gov/catdir/description/wiley035/00028992.html</a>
856 42 - ELECTRONIC LOCATION AND ACCESS
Materials specified Table of Contents
Uniform Resource Identifier <a href="http://www.loc.gov/catdir/toc/onix06/00028992.html">http://www.loc.gov/catdir/toc/onix06/00028992.html</a>
942 ## - ADDED ENTRY ELEMENTS (KOHA)
Koha item type Book
Call number prefix 005.1 VLI
Source of classification or shelving scheme
Holdings
Withdrawn status Lost status Damaged status Not for loan Collection code Permanent Location Current Location Shelving location Date acquired Source of acquisition Cost, normal purchase price Total Checkouts Full call number Barcode Date last seen Price effective from Koha item type
          Central Library (CL) Central Library (CL) First Floor - Software Engineering/ Programming Language 06/30/2003 progressive International Agencies 4355.19   005.1 VLI SEECS003580 11/14/2012 01/05/2017 Book
          Central Library (CL) Central Library (CL) First Floor - Software Engineering/ Programming Language 06/18/2004 Progressive International Agencies 3077.17   005.1 VLI SEECS004603 11/14/2012 01/05/2017 Book
          Central Library (CL) Central Library (CL) First Floor - Software Engineering/ Programming Language 06/07/2003 NIMS Photocopier 761.00   005.1 VLI SEECS003509 11/14/2012 01/05/2017 Book
          Central Library (CL) Central Library (CL) First Floor - Software Engineering/ Programming Language 06/07/2003 NIMS Photocopier 761.00   005.1 VLI SEECS003506 11/14/2012 01/05/2017 Book
          Central Library (CL) Central Library (CL) First Floor - Software Engineering/ Programming Language 06/07/2003 NIMS Photocopier 761.00   005.1 VLI SEECS003507 11/14/2012 01/05/2017 Book
          Central Library (CL) Central Library (CL) First Floor - Software Engineering/ Programming Language 06/07/2003 NIMS Photocopier 761.00   005.1 VLI SEECS003508 11/14/2012 01/05/2017 Book
          Central Library (CL) Central Library (CL) First Floor - Software Engineering/ Programming Language 06/07/2003 NIMS Photocopier 761.00   005.1 VLI SEECS003510 11/14/2012 01/05/2017 Book
© 2023 Central Library, National University of Sciences and Technology. All Rights Reserved.